Spatial interpolation for climate data: the use of GIS in Climatology and Meteorology

Salvato in:
Dettagli Bibliografici
Autori principali: Dobesch, Hartwig (Autore), Dumolard, Pierre (Autore), Dyras, Izabela (Autore)
Natura: Libro
Lingua:inglese
Pubblicazione: Londres ISTE Ltd. 2007
Serie:Geographical Information Systems Series
Soggetti:
Tags: Aggiungi Tag
Nessun Tag, puoi essere il primo ad aggiungerne!!

MARC

LEADER 00000cam a2200000 a 4500
001 UCF9002
003 CL-VaPUC
008 131018e20070000uk |||||||||||||||||eng|d
020 |a 9781905209705 
082 0 4 |a 551.6  |b DOB  |2 21 
100 0 |a Dobesch, Hartwig  |e author  |9 571141 
700 0 |a Dumolard, Pierre  |e author  |9 571142 
700 0 |a Dyras, Izabela  |e author  |9 571143 
245 1 0 |a Spatial interpolation for climate data: the use of GIS in Climatology and Meteorology 
300 |a 284 p 
942 |c BK 
945 |d 20131018 14:00:00  |a dcastane 
260 |a Londres  |b ISTE Ltd.  |c 2007 
650 0 |a Climatología   |9 262302 
650 0 |a Sistemas de información geográfica   |9 466572 
583 |a last modification  |c 20131018 14:00:00  |k Rodrigo Vera 
490 0 |a Geographical Information Systems Series 
999 |c 353488  |d 353486 
952 |0 0  |1 0  |3 erd  |4 0  |6 551_600000000000000_DOB_2007  |7 0  |8 A  |9 458745  |a BIBING  |b BIBING  |d 2019-11-23  |i 5018722  |o 551.6 DOB 2007  |p 5018722  |r 2025-01-20  |w 2019-11-23  |y BK  |z Catalogado en:20131018  |k GEO